| 000 | 00398nam a22001697a 4500 | ||
|---|---|---|---|
| 003 | NUST - PNEC | ||
| 005 | 20170116180942.0 | ||
| 008 | 150907b xxu||||| |||| 00| 0 eng d | ||
| 020 | _a0582089611 | ||
| 040 | _cLIBRARY | ||
| 082 | _a621.381 GRE | ||
| 100 |
_98786 _aGreen, D C |
||
| 245 |
_aElectronics V _cD C Green |
||
| 260 | _cc.1993 | ||
| 650 |
_98789 _aElectronics _xEL |
||
| 942 |
_2ddc _cBK |
||
| 999 |
_c66190 _d66190 |
||